| 000 | 00698cab a2200217 4500 | ||
|---|---|---|---|
| 001 | ABS44999 | ||
| 008 | 090401t1991 xxu||||| |||| 00| 0 eng d | ||
| 035 | _a(Sirsi) u50272 | ||
| 041 | _aeng | ||
| 100 | _aStedman, L. | ||
| 245 | _aStreets ahead | ||
| 260 | _c1991 | ||
| 350 | _a0 | ||
| 490 |
_aNew Civil Engineer _v(958) 8 August 1991, 22-24 (2) |
||
| 520 | _aThe New Roads and Streets Works Act 1991 comes into force in 1992. Central to the Act is the creation of a computerised street works register. This has implications for GIS. | ||
| 650 | _aGIS | ||
| 650 | _aHORNE REPORT | ||
| 690 | _aMANAGEMENT-BUSINESS MANAGEMENT-INFORMATION MANAGEMENT | ||
| 942 | _n0 | ||
| 948 | _c04/03/1997 | ||
| 999 |
_c31378 _d31378 |
||